Statistiques concernant Harry Potter: le Sortilège de Mutisme

Cliquez ici pour prendre le quiz!

Statistiques générales

  • Ce quiz a été pris 19 fois
  • Le résultat moyen est 4 sur 6

Statistiques - réponses

InformationRéponses% Correct
Dernière apparitionHarry Potter et les Reliques de la Mort
93%
Première apparitionHarry Potter et l'Ordre du Phénix
93%
Type de sortEnchantement
73%
EffetRend la personne visée muette
60%
FormuleSilencio
47%
Personne l'ayant subitAntonin Dolohov
33%

Distribution des résultats

Percentile par nombre de réponses

% des personnes avec chaque résultat

Votre développement - résultats

Vous n’avez pas pris ce quiz